-
WESTBROOK, CATHERINE AND TALBOT, JOHN
Entry Personal Name
Number of records used in: 1
001 - CONTROL NUMBER
003 - CONTROL NUMBER IDENTIFIER
005 - DATE AND TIME OF LATEST TRANSACTION
- control field:
20251203160048.0
008 - FIXED-LENGTH DATA ELEMENTS
- fixed length control field:
251203|| aca||aabn | a|a d
040 ## - CATALOGING SOURCE
- Original cataloging agency:
JRU
- Transcribing agency:
JRU
100 ## - HEADING--PERSONAL NAME
- Personal name:
WESTBROOK, CATHERINE AND TALBOT, JOHN
670 ## - SOURCE DATA FOUND
- Source citation:
Work cat.: (JRU)9022: WESTBROOK, CATHERINE AND TALBOT, JOHN , MRI IN PRACTICE , 2019